| 000 | 00926nam a2200277Ia 4500 | ||
|---|---|---|---|
| 003 | OSt | ||
| 005 | 20221005081925.0 | ||
| 006 | a|||||r|||| 00| 0 | ||
| 007 | ta | ||
| 008 | 221004b |||||||| |||| 00| 0 eng d | ||
| 020 |
_a0761997776 _c695 |
||
| 024 | _a83806 | ||
| 037 |
_b10738, 30/03/2005, Govinda Book House _cTextual |
||
| 040 |
_aCRL _cCRL _beng |
||
| 041 |
_2eng _aeng |
||
| 082 | _aS:55.49G, P4 | ||
| 100 | _aSrivastava Sanjay | ||
| 245 | 0 |
_aSexual sites, seminal attitudes _b Sexualities, masculinities and culture in South Asia edited by Sanjay Srivastava |
|
| 260 |
_aNew Delhi _bSage Publications India _c2004 |
||
| 300 |
_a410p. _ccm. |
||
| 490 | _aStudies on Contemporary South Asia.4. | ||
| 650 | _a PSYCHOLOGY | ||
| 650 | _aSEX - PSYCHOLOGICAL ASPECTS | ||
| 942 |
_hS:55.49G, P4 _cTEXL _2cc |
||
| 999 |
_c988490 _d988490 |
||